<?xml version="1.0" encoding="UTF-8"?><marc:collection xmlns:marc="http://www.loc.gov/MARC21/slim">
  <marc:record>
    <marc:leader>00000nam##2200000za#4500</marc:leader>
    <marc:controlfield tag="001">9.577184</marc:controlfield>
    <marc:controlfield tag="003">CaOODSP</marc:controlfield>
    <marc:controlfield tag="005">20210624185507</marc:controlfield>
    <marc:controlfield tag="007">cr |||||||||||</marc:controlfield>
    <marc:controlfield tag="008">150406|1999||||xxc|||||o    f|0| 0 eng|d</marc:controlfield>
    <marc:datafield tag="040" ind1=" " ind2=" ">
      <marc:subfield code="a">CaOODSP</marc:subfield>
      <marc:subfield code="b">eng</marc:subfield>
    </marc:datafield>
    <marc:datafield tag="043" ind1=" " ind2=" ">
      <marc:subfield code="a">n-cn---</marc:subfield>
    </marc:datafield>
    <marc:datafield tag="086" ind1="1" ind2=" ">
      <marc:subfield code="a">En133-5/9-1999E-PDF</marc:subfield>
    </marc:datafield>
    <marc:datafield tag="110" ind1="2" ind2=" ">
      <marc:subfield code="a">National Round Table on the Environment and the Economy (Canada)</marc:subfield>
    </marc:datafield>
    <marc:datafield tag="245" ind1="1" ind2="0">
      <marc:subfield code="a">What are the implications of calculating greenhouse gas emissions on a life-cycle basis for the design of domestic emissions trading systems? / </marc:subfield>
      <marc:subfield code="h">[electronic resource]</marc:subfield>
      <marc:subfield code="c">by Robert Hornung and Erik Haites. </marc:subfield>
    </marc:datafield>
    <marc:datafield tag="260" ind1=" " ind2=" ">
      <marc:subfield code="a">Ottawa - Ontario : </marc:subfield>
      <marc:subfield code="b">National Round Table on the Environment and the Economy </marc:subfield>
      <marc:subfield code="c">January 1998.</marc:subfield>
    </marc:datafield>
    <marc:datafield tag="300" ind1=" " ind2=" ">
      <marc:subfield code="a">20p.</marc:subfield>
      <marc:subfield code="b">references, tables</marc:subfield>
    </marc:datafield>
    <marc:datafield tag="490" ind1="1" ind2=" ">
      <marc:subfield code="a">Domestic greenhouse gas emissions trading technical paper series</marc:subfield>
    </marc:datafield>
    <marc:datafield tag="500" ind1=" " ind2=" ">
      <marc:subfield code="a">"This paper looks at one such method: allocating responsibility for GHG emissions on a life-cycle basis. It describes the concept and rationale behind addressing GHG emissions on a life-cycle basis; examines the extent to which life-cycle accounting can be applied to GHG emissions; and discusses the potential application of life-cycle accounting within the domestic GHG emissions trading system options being examined by the NRTEE."--Introduction.</marc:subfield>
    </marc:datafield>
    <marc:datafield tag="520" ind1="3" ind2=" ">
      <marc:subfield code="a">This paper looks at one such method: allocating responsibility for GHG emissions on a life-cycle basis. It describes the concept and rationale behind addressing GHG emissions on a life-cycle basis; examines the extent to which life-cycle accounting can be applied to GHG emissions; and discusses the potential application of life-cycle accounting within the domestic GHG emissions trading system options being examined by the NRTEE.--Introduction</marc:subfield>
    </marc:datafield>
    <marc:datafield tag="590" ind1=" " ind2=" ">
      <marc:subfield code="a">13-19-Supp</marc:subfield>
      <marc:subfield code="b">2013-08-14</marc:subfield>
    </marc:datafield>
    <marc:datafield tag="690" ind1="0" ind2="7">
      <marc:subfield code="a">Environmental impact</marc:subfield>
      <marc:subfield code="2">gcpds</marc:subfield>
    </marc:datafield>
    <marc:datafield tag="690" ind1="0" ind2="7">
      <marc:subfield code="a">Environmental management</marc:subfield>
      <marc:subfield code="2">gcpds</marc:subfield>
    </marc:datafield>
    <marc:datafield tag="690" ind1="0" ind2="7">
      <marc:subfield code="a">Pollution control</marc:subfield>
      <marc:subfield code="2">gcpds</marc:subfield>
    </marc:datafield>
    <marc:datafield tag="690" ind1="0" ind2="7">
      <marc:subfield code="a">Fossil fuels</marc:subfield>
      <marc:subfield code="2">gcpds</marc:subfield>
    </marc:datafield>
    <marc:datafield tag="775" ind1="0" ind2="8">
      <marc:subfield code="t">Calcul des émissions de gaz à effet de serre en fonction de leur durée et incidences sur la conception des systèmes nationaux d'échange de droits d'émission / </marc:subfield>
      <marc:subfield code="w">(CaOODSP)9.605994</marc:subfield>
    </marc:datafield>
    <marc:datafield tag="830" ind1="#" ind2="0">
      <marc:subfield code="a">Domestic greenhouse gas emissions trading technical paper series.</marc:subfield>
      <marc:subfield code="w">(CaOODSP)9.507556</marc:subfield>
    </marc:datafield>
    <marc:datafield tag="856" ind1="4" ind2="0">
      <marc:subfield code="a">http://publications.gc.ca</marc:subfield>
      <marc:subfield code="q">PDF</marc:subfield>
      <marc:subfield code="s">2501 KB</marc:subfield>
      <marc:subfield code="u">https://publications.gc.ca/collections/collection_2013/trnee-nrtee/En133-5-9-1999-eng.pdf</marc:subfield>
    </marc:datafield>
  </marc:record>
</marc:collection>
